01682nam a2200361Ia 4500001001200000003000800012006001900020007001500039008004100054010001700095020001500112020003500127040002100162035002100183050002600204245012200230246002500352260004800377300001700425500012200442504005100564533015200615600006900767610007800836650007800914650007300992651004701065655002901112700001901141710001701160856012601177999001701303ebr10085426CaPaEBRm u cr cn|||||||||960305s1997 nyu sb 101 0 eng d z 96033875  z0195106210 z0195106229 (pbk. : alk. paper) aCaPaEBRcCaPaEBR a(OCoLC)56002376814aKF4155.A2bR33 1997eb00aRace, law, and cultureh[electronic resource] :breflections on Brown v.Board of Education /cedited by Austin Sarat.14aRace, law, & culture aNew York :bOxford University Press,c1997. aviii, 238 p. a"Originally presented at the conference "Brown at Forty," held at Amherst College in December 1994"--Acknowledgments. aIncludes bibliographical references and index. aElectronic reproduction.bPalo Alto, Calif. :cebrary,d2009.nAvailable via World Wide Web.nAccess may be limited to ebrary affiliated libraries.10aBrown, Oliver,d1918-1961xTrials, litigation, etc.vCongresses.10aTopeka (Kan.).bBoard of EducationxTrials, litigation, etc.vCongresses. 0aSegregation in educationxLaw and legislationzUnited StatesvCongresses. 0aRace discriminationxLaw and legislationzUnited StatesvCongresses. 0aUnited StatesxRace relationsvCongresses. 7aElectronic books.2local1 aSarat, Austin.2 aebrary, Inc.40uhttp://site.ebrary.com/lib/rucke/Doc?id=10085426zAn electronic book accessible through the World Wide Web; click to view c49633d49633